书目信息 |
| 题名: |
化学教学系统论
|
|
| 作者: | 刘知新 , 王祖浩 著 | |
| 分册: | ||
| 出版信息: | 南宁 广西教育出版社 1996 |
|
| 页数: | 273页 | |
| 开本: | 20cm | |
| 丛书名: | 学科现代教育理论书系 | |
| 单 册: | ||
| 中图分类: | O62-42 , G40-01 | |
| 科图分类: | ||
| 主题词: | 化学-教学理论 , 教学理论-化学 , 教育学 | |
| 电子资源: | ||
| ISBN: | 7-5435-2505-4 | |
| 000 | 00849nam2 2200301 45 | |
| 001 | 0198014873 | |
| 005 | 20040426151727.9 | |
| 010 | @a7-5435-2505-4@dCNY15.50 | |
| 100 | @a19980312d1996 kemy0chiy0121 ea | |
| 101 | 0 | @achi |
| 102 | @aCN@b450000 | |
| 105 | @ac z 000yy | |
| 106 | @ar | |
| 200 | 10 | @a化学教学系统论@Ahua xue jiao xue xi tong lun@f刘知新,王祖浩著 |
| 210 | @a南宁@c广西教育出版社@d1996 | |
| 215 | @a273页@c肖像@d20cm | |
| 225 | 2 | @a学科现代教育理论书系@i化学 |
| 300 | @a国家“九五”重点图书出版规划项目 | |
| 410 | 0 | @120010@a学科现代教育理论书系 |
| 606 | @a化学-教学理论 | |
| 606 | @a教学理论-化学 | |
| 606 | 0 | @a教育学 |
| 690 | @aO62-42@v3 | |
| 690 | @aG40-01 | |
| 701 | 0 | @a刘知新@Aliu zhi xin@4著 |
| 701 | 0 | @a王祖浩@Awang zu hao@4著 |
| 801 | 0 | @aCN@bNLC@c19980330 |
| 905 | @f4@b281536-539@dG40-01@e199:1 | |
| 化学教学系统论/刘知新,王祖浩著.-南宁:广西教育出版社,1996 |
| 273页:肖像;20cm.-(学科现代教育理论书系.化学) |
| 国家“九五”重点图书出版规划项目 |
| ISBN 7-5435-2505-4:CNY15.50 |
| ● |
| 相关链接 |
|
|
|
|
正题名:化学教学系统论
索取号:G40-01/199:1
 
预约/预借
| 序号 | 登录号 | 条形码 | 馆藏地/架位号 | 状态 | 备注 |
| 1 | 0281536 | 002815369 | 密集书库/ [索取号:G40-01/199:1] | 在馆 | |
| 2 | 0281537 | 002815378 | 第四借阅区/ [索取号:G40-01/199:1] | 在馆 | |
| 3 | 0281538 | 002815387 | 密集书库/ [索取号:G40-01/199:1] | 在馆 | |
| 4 | 0281539 | 002815396 | 第四借阅区/ [索取号:G40-01/199:1] | 在馆 | |
| 5 | 0281540 | 002815403 | 第一样本阅览室/ [索取号:G40-01/199:1] | 在馆 |